[Event "Bengaluru Karnataka op"]
[Site "Bengaluru"]
[Date "2018.04.15"]
[Round "3"]
[White "Chidanand, A."]
[Black "Yashas, Devappa"]
[Result "0-1"]
[WhiteElo "1350"]
[BlackElo "2243"]
[PlyCount "44"]
[EventDate "2018.04.14"]
[EventType "swiss"]
[EventRounds "10"]
[EventCountry "IND"]
[SourceTitle "CBM 184 Extra"]
[Source "ChessBase"]
[SourceDate "2018.06.28"]
[SourceVersion "1"]
[SourceVersionDate "2018.06.28"]
[SourceQuality "1"]

1. e4 d5 2. exd5 Nf6 3. Nc3 Nxd5 4. Nxd5 Qxd5 5. d4 Nc6 6. Nf3 Bg4 7. c3 e5 8. Be2 exd4 9. 0-0 0-0-0 10. cxd4 Nxd4 11. Nxd4 Bxe2 12. Qxe2 Qxd4 13. Be3 Qa4 14. Rfc1 Bd6 15. Rc4 Qa5 16. b3 Qe5 17. Qg4+ f5 18. Qd4 Qxh2+ 19. Kf1 Be5 20. Qxa7 Qh1+ 21. Ke2 Qxa1 22. Bg5 Qd1+ 0-1